000 01378cam a2200349 i 4500
005 20260322212019.0
008 data
010 _a 2013032486
020 _a9780830843084 (pbk. : alk. paper)
020 _a0830843086
040 _aDLC
_beng
_cDLC
_erda
_dDLC
042 _apcc
050 0 0 _aBV4910.35
_b.B58 2013
082 0 0 _a248.8/625
_223
092 _a248.8 B58 2013
100 1 _aBlum, Lee Wolfe,
_d1972-
245 1 0 _aTable in the darkness :
_ba healing journey through an eating disorder /
_cLee Wolfe Blum.
264 1 _aDowners Grove, Illinols :
_bIVP Books, an imprint of InterVarsity Press,
_c[2013]
300 _a200 pages, 3 unumbered pages ;
_c21 cm
336 _atext
_2rdacontent
337 _aunmediated
_2rdamedia
338 _avolume
_2rdacarrier
504 _aIncludes bibliographical references (page 201).
600 1 0 _aBlum, Lee Wolfe,
_d1972-
650 0 _aEating disorders
_xReligious life.
_xReligious life.
650 0 _aEating disorders
_xChristianity.
_xChristianity.
650 0 _aEating disorders
_xPatients
_zUnited States
_vBiography.
906 _a7
_bcbc
_corignew
_d1
_eecip
_f20
_gy-gencatlg
925 0 _aacquire
_b2 shelf copies
_xpolicy default
955 _drk02 2013-09-24 to Dewey (telework)
_wxl04 2013-09-24
_frf07 2014-02-10 to BCCD
001 data
999 _c412
_d412